000 00380nam a2200169Ia 4500
001 17254
003 IN-NITTTR
005 20251114233203.0
008 251113s9999||||xx |||||||||||||| ||eng||
040 _beng
040 _cIN-NITTTR
041 _aeng
082 _a178.7 T17H
100 _aTarget, George
245 0 _aHow to stop smoking /
_cTarget, George
942 _2ddc
_cBK
999 _c19888
_d19888